00426nam a22001337a 4500082001500000100001900015245005600034260004400090300000700134650002400141942000900165952010100174999001700275 a340.59 EZU aEzung, Stephen aA Critical Analysis of Muslim Personal Law in India aHyderabadbHenry Martyn Institutec2018 a99 aMuslim Personal Law cTHES 001040708REFaHMIbHMIcGENd2018-07-18l0o340.59 EZUp11-3681r2018-07-18w2018-07-18yTHES c21212d21212